|
|
|
|
| LEADER |
00000cam a2200000 7i4500 |
| 001 |
0000026408 |
| 005 |
20150909.0 |
| 008 |
150907 nyu b eng |
| 020 |
|
|
|a 9780743597463
|
| 040 |
|
|
|a INS
|
| 090 |
0 |
0 |
|a CD 520
|
| 100 |
1 |
|
|a Schwartz, Tony
|
| 245 |
1 |
4 |
|a The way we're working isn't working [
|h sound recording] :
|b [the for forgotten needs that energize great performance]
|c Tony Schwartz with Jean Gomez and Catherine McCarthy
|
| 246 |
3 |
0 |
|a Four forgotten needs that energize great performance
|
| 260 |
|
|
|a New York, NY :
|b Simon & Schuster ,
|c p2010
|
| 300 |
|
|
|a 5 sound discs (6 hours) :
|b digital ;
|c 4 3/4 in.
|
| 500 |
|
|
|a Compact discs
|
| 500 |
|
|
|a Subtitle from container
|
| 511 |
0 |
0 |
|a Read by author
|
| 650 |
|
0 |
|a Organizational effectiveness
|
| 650 |
|
0 |
|a Performance
|
| 650 |
|
0 |
|a Personnel management
|
| 650 |
|
0 |
|a Work
|x Psychological aspects
|
| 700 |
1 |
|
|a Gomez, Jean
|
| 700 |
1 |
|
|a McCarthy, Catherine
|
| 999 |
|
|
|a CD00000520
|b VIDEO CD
|c Media Collection
|e Default branch
|